MARC

LEADER 00000nam0a2200000 4500
001 67297
005 20231031073434.0
035 |a (RuTPU)RU\TPU\book\71660 
090 |a 67297 
100 |a 20040914d1980 m y0rusy50 ca 
101 0 |a rus 
102 |a RU 
105 |a a j 001zy 
200 1 |a Основы нефтяного и газового дела  |e учебник  |f Н. Г. Середа, В. М. Муравьев 
205 |a 2-е изд., перераб. и доп. 
210 |a Москва  |c Недра  |d 1980 
215 |a 287 с.  |c ил. 
451 1 |0 (RuTPU)RU\TPU\book\70730  |t Основы нефтяного и газового дела  |o учебное пособие  |f В. М. Муравьев, Н. Г. Середа  |c Москва  |n Недра  |d 1967  |p 280 с.  |a Муравьев, Виталий Михайлович 
610 1 |a нефтегазовое дело 
610 1 |a основы 
610 1 |a поиск 
610 1 |a разработка 
610 1 |a нефтегазовые месторождения 
610 1 |a оборудование 
610 1 |a перекачка 
610 1 |a хранение 
610 1 |a переработка 
610 1 |a учебники 
675 |a 622.323(075.8)  |v 3 
700 1 |a Середа  |b Н. Г.  |g Николай Гаврилович 
701 1 |a Муравьев  |b В. М.  |g Виталий Михайлович 
801 1 |a RU  |b 63413507  |c 20040914  |g PSBO 
801 2 |a RU  |b 63413507  |c 20151123  |g PSBO 
900 |a Основы нефтегазового дела 
900 |a Подземный ремонт нефтяных и газовых скважин 
900 |a Методика поисков и разведки нефтегазовых месторождений 
900 |a Методика поисков и разведки нефтяных и газовых месторождений 
942 |c BK 
952 |a 511000  |b 060800 
959 |a 144/20041103  |d 5  |e 340  |f АНЛ:2  |f ЧЗТЛ:3